[Event "TCh-FRA Top 12 2012"]
[Site "Belfort FRA"]
[Date "2012.06.07"]
[Round "8.5"]
[White "Vachier Lagrave,M"]
[Black "Philippe,C"]
[Result "1/2-1/2"]
[WhiteElo "2680"]
[BlackElo "2403"]

1.e4 c5 2.Nf3 e6 3.d4 cxd4 4.Nxd4 Nc6 5.Nc3 a6 6.Be3 Nf6 7.Bd3 d5 8.exd5 exd5
9.Qd2 Be7 10.O-O-O O-O 11.h3 Be6 12.Kb1 Rc8 13.g4 Bb4 14.a3 Ba5 15.g5 Ne8
16.Nb3 Nd6 17.Nxa5 Nxa5 18.Bd4 Nf5 19.Bxf5 Bxf5 20.Qf4 Qd7 21.Bxg7 Kxg7 22.Qe5+ Kg8
23.Rxd5 Bxc2+ 24.Kxc2 Qa4+ 25.Kb1 Rxc3 26.Rxa5 Qc2+ 27.Ka1 Rf3 28.Rc5 Qxf2
29.Rhc1 Qg3 30.Qd5 b5 31.R5c3 Rxc3 32.Rxc3 Qe1+ 33.Ka2 Qe7 34.Rc6 Rd8 35.Qb3 Rd6
36.Rc8+ Rd8 37.Rc3 Rd6 38.Rc8+ Rd8 39.Rc3 Rd6 40.Rc8+  1/2-1/2

[Event "1st Grand Europe Open"]
[Site "Golden Sands BUL"]
[Date "2012.06.07"]
[Round "4.63"]
[White "Zhang,Jiabao"]
[Black "Argiroudis,S"]
[Result "1/2-1/2"]
[WhiteElo "1948"]
[BlackElo "2294"]

1.e4 c5 2.Nf3 e6 3.d4 cxd4 4.Nxd4 Nc6 5.Nc3 Qc7 6.Be3 a6 7.Qd2 Nf6 8.O-O-O Bb4
9.f3 Ne5 10.Nb3 b5 11.Qe1 Be7 12.Qg3 O-O 13.f4 Nc4 14.e5 Ne8 15.Bd4 f5 16.Qf2 Rb8
17.Bd3 a5 18.Kb1 a4 19.Nc1 Qa5 20.Bc5 d6 21.exd6 Nexd6 22.N3e2 b4 23.Ng3 Nb6
24.Qd4 Nd5 25.Bxd6 Bxd6 26.Bc4 Qb6 27.Bxd5 Qxd4 28.Bxe6+ Bxe6 29.Rxd4 Bc5
30.Rdd1  1/2-1/2

[Event "1st Grand Europe Open"]
[Site "Golden Sands BUL"]
[Date "2012.06.07"]
[Round "4.52"]
[White "Guempel,V"]
[Black "Firat,B"]
[Result "0-1"]
[WhiteElo "2266"]
[BlackElo "2428"]

1.e4 c5 2.Nf3 e6 3.d4 cxd4 4.Nxd4 Nc6 5.Nc3 d6 6.Bc4 Nf6 7.O-O Be7 8.Be3 O-O
9.Bb3 Na5 10.f4 Nxb3 11.axb3 a6 12.Qf3 Qc7 13.g4 Nd7 14.Qg3 Re8 15.g5 Bf8
16.Rf3 g6 17.Qh4 Qd8 18.f5 Ne5 19.Rf2 Bd7 20.Raf1 b5 21.fxg6 fxg6 22.Nf3 Nc6
23.Qg3 b4 24.Ne2 e5 25.Nd2 Na5 26.h4 Qc8 27.c4 Bh3 28.Ra1 Nb7 29.Kh2 Be6
30.Raf1 Nc5 31.h5 Ra7 32.Qg2 Rg7 33.Ng3 Nd3 34.Rf6 Be7 35.Qe2 Nf4 36.R6xf4 exf4
37.Bxf4 Rf7 38.Qd3 Bh3 39.Rf3 Bg4 40.Rf1 Qe6 41.h6 Bh3 42.Rf3 Qg4 43.Qd4 Qh4
44.Kg1 Bxg5 45.Bxg5 Qxg5 46.Kh2 Qxh6 47.Rxf7 Be6+ 48.Kg1 Bxf7 49.Qxd6 Qg5
50.Nf3 Qc1+ 51.Kf2 Qxb2+ 52.Nd2 a5 53.Ke3 Qc3+ 54.Kf4 Be6 55.Kg5 Qe3+ 56.Kf6 Bf7
57.Ngf1 Qf2+ 58.Kg5 h6+  0-1

[Event "Mitropa Cup 2012"]
[Site "Sibenik CRO"]
[Date "2012.06.07"]
[Round "8"]
[White "Biolek,R1"]
[Black "Dubessay,B"]
[Result "1-0"]
[WhiteElo "2412"]
[BlackElo "2384"]

1.e4 c5 2.Nf3 e6 3.d4 cxd4 4.Nxd4 Nc6 5.Nc3 a6 6.Be2 Qc7 7.O-O Nf6 8.Kh1 Be7
9.f4 d6 10.Be3 O-O 11.a4 Bd7 12.Qe1 Nxd4 13.Bxd4 e5 14.fxe5 dxe5 15.Qg3  1-0

[Event "GEO-AZE Friendship 2012"]
[Site "Tbilisi GEO"]
[Date "2012.06.07"]
[Round "1"]
[White "Guseinov,G"]
[Black "Mchedlishvili,M"]
[Result "1/2-1/2"]
[WhiteElo "2609"]
[BlackElo "2656"]

1.e4 c5 2.Nc3 e6 3.Nf3 Nc6 4.d4 cxd4 5.Nxd4 Qc7 6.g3 a6 7.Bg2 Nf6 8.O-O d6
9.Be3 Be7 10.f4 O-O 11.Kh1 Bd7 12.Nb3 b5 13.g4 b4 14.Na4 d5 15.Nb6 Rad8 16.exd5 Nxd5
17.Nxd5 exd5 18.Qf3 Na5 19.Nxa5 Qxa5 20.Bd4 Qc7 21.f5 Bb5 22.Rfd1 Rfe8 23.c3 Bg5
24.Re1 bxc3 25.bxc3 Bc4 26.Qf2 Qf4 27.Qxf4 Bxf4 28.Rxe8+ Rxe8 29.Bf1 Bxf1
30.Rxf1 Be5 31.Bxe5  1/2-1/2

[Event "4th Rheinland-Pfalz Open 2012"]
[Site "Altenkirchen GER"]
[Date "2012.06.08"]
[Round "3.12"]
[White "Dekan,H"]
[Black "Teterev,V"]
[Result "0-1"]
[WhiteElo "2163"]
[BlackElo "2516"]

1.e4 c5 2.Nf3 Nc6 3.Nc3 e6 4.d4 cxd4 5.Nxd4 Qc7 6.Be3 a6 7.Bd3 Nf6 8.f3 b5
9.Nxc6 dxc6 10.O-O e5 11.a4 b4 12.Nb1 Nd7 13.Nd2 Bc5 14.Qe2 Qa7 15.Nc4 Bxe3+
16.Qxe3 Qxe3+ 17.Nxe3 a5 18.Nf5 g6 19.Ne3 Ke7 20.Rfd1 Nc5 21.Bc4 Bd7 22.Kf2 Rhd8
23.Ke2 f6 24.g3 Ne6 25.Bxe6 Bxe6 26.b3 Rd4 27.Rxd4 exd4 28.Nf1 Kd6 29.Rd1 Kc5
30.Rc1 Bc8 31.Nd2 Ba6+ 32.Kf2 Rd8 33.f4 Kb6 34.Kf3 c5 35.Kf2 Rd7 36.h4 c4
37.e5 fxe5 38.fxe5 Rf7+ 39.Kg1 c3 40.Ne4 Re7 41.Nf6 Kc6 42.Re1 d3 43.cxd3 Bxd3
44.e6 Bf5 45.Nxh7 Rxe6 46.Kf2 Rd6 47.Ng5 c2 48.Nf3 Rd1  0-1

[Event "TCh-FRA Top 12 2012"]
[Site "Belfort FRA"]
[Date "2012.06.08"]
[Round "9.1"]
[White "Salgado Lopez,I"]
[Black "Fargere,Fr"]
[Result "1-0"]
[WhiteElo "2623"]
[BlackElo "2467"]

1.e4 c5 2.Nc3 e6 3.Nf3 Nc6 4.d4 cxd4 5.Nxd4 Qc7 6.g3 a6 7.Bg2 d6 8.O-O Bd7
9.Re1 Be7 10.Nxc6 Bxc6 11.Qg4 h5 12.Qe2 Nf6 13.a4 h4 14.Bf4 hxg3 15.hxg3 e5
16.Be3 Kf8 17.Red1 Rc8 18.Rd2 g6 19.Rad1 Kg7 20.Bg5 Rh5 21.Bxf6+ Kxf6 22.Rd3 Kg7
23.R1d2 Rch8 24.Nd5 Bxd5 25.Rxd5 Qd7 26.b3 Rh2 27.Qf3 R2h5 28.a5 Qc7 29.c4 Rb8
30.c5  1-0

[Event "FSGM June 2012"]
[Site "Budapest HUN"]
[Date "2012.06.08"]
[Round "6.3"]
[White "Wittmann,W"]
[Black "Rajlich,I"]
[Result "1/2-1/2"]
[WhiteElo "2276"]
[BlackElo "2441"]

1.e4 c5 2.Nf3 e6 3.Nc3 Nc6 4.d4 cxd4 5.Nxd4 Qc7 6.g3 a6 7.Bg2 Nf6 8.O-O d6
9.Re1 Nxd4 10.Qxd4 Bd7 11.a4 Be7 12.a5 O-O 13.Qd1 Rac8 14.Be3 e5 15.Bg5 Be6
16.Nd5 Nxd5 17.exd5 Bxg5 18.dxe6 fxe6 19.Qg4 Qe7 20.c3 Bf6 21.f4 Rc5 22.f5 exf5
23.Qxf5 Rd8  1/2-1/2

[Event "1st Grand Europe Open"]
[Site "Golden Sands BUL"]
[Date "2012.06.08"]
[Round "5.14"]
[White "Fier,A"]
[Black "Bernadskiy,V"]
[Result "1-0"]
[WhiteElo "2596"]
[BlackElo "2473"]

1.e4 c5 2.Nf3 e6 3.d4 cxd4 4.Nxd4 Nc6 5.Nc3 Qc7 6.Be3 a6 7.Qd2 Nf6 8.O-O-O Bb4
9.f3 Ne5 10.Nb3 b5 11.Qe1 Be7 12.f4 Ng6 13.e5 Ng4 14.Ne4 O-O 15.Bc5 Bb7 16.h3 Nh6
17.Bxe7 Nxe7 18.Bd3 Bd5 19.Kb1 Rfb8 20.g4 Ng6 21.Rf1 b4 22.Nd6 Bg2 23.Rg1 Bf3
24.f5 Ne7 25.Rd2 Nc6 26.f6 Qb6 27.Rf1 Bd5 28.fxg7 a5 29.Qh4 Nxe5 30.Qxh6 Nxd3
31.Qf6  1-0

[Event "11th TCh-BIH Premier"]
[Site "Jahorina BIH"]
[Date "2012.06.08"]
[Round "7.5"]
[White "Pancevski,F"]
[Black "Predojevic,B"]
[Result "1/2-1/2"]
[WhiteElo "2473"]
[BlackElo "2637"]

1.e4 c5 2.Nc3 Nc6 3.Nf3 e6 4.d4 cxd4 5.Nxd4 Qb6 6.Nb3 Nf6 7.g3 Bb4 8.Bg2 d5
9.Be3 Qc7 10.Bd2 dxe4 11.Nxe4 Nxe4 12.Bxb4 Qb6 13.O-O Qxb4 14.c3 Nxc3 15.bxc3 Qe7
16.Nd4 Nxd4 17.Qxd4 O-O 18.Rfd1 e5 19.Qd6 Qxd6 20.Rxd6 Rb8 21.Rd5 b6 22.Rxe5 Be6
23.Bd5 Bxd5 24.Rxd5 Rb7 25.a4  1/2-1/2

[Event "Victory Day 2012"]
[Site "Moscow RUS"]
[Date "2012.06.08"]
[Round "7.4"]
[White "Reshetnikov,Al"]
[Black "Mozharov,M"]
[Result "0-1"]
[WhiteElo "2521"]
[BlackElo "2493"]

1.e4 c5 2.Nf3 Nc6 3.d4 cxd4 4.Nxd4 e6 5.Nc3 Qc7 6.Be3 Nf6 7.f4 Bb4 8.Nb5 Qa5
9.e5 Nd5 10.Bd2 Nxc3 11.Bxc3 O-O 12.Qd2 f6 13.exf6 Rxf6 14.g3 d5 15.a3 Bxc3
16.Qxc3 Qb6 17.O-O-O Bd7 18.Nd4 Rc8 19.Bh3 Nxd4 20.Qxd4 Qb3 21.Qd3 Qa2 22.Qd4 e5  0-1

[Event "4th Rheinland-Pfalz Open 2012"]
[Site "Altenkirchen GER"]
[Date "2012.06.09"]
[Round "5.6"]
[White "Vovk,Y"]
[Black "Lindberg,Be"]
[Result "1-0"]
[WhiteElo "2562"]
[BlackElo "2413"]

1.e4 c5 2.Nf3 e6 3.d4 cxd4 4.Nxd4 Nc6 5.Nc3 Qc7 6.Be2 a6 7.O-O Nf6 8.Kh1 Bb4
9.Qd3 O-O 10.Bg5 Nxd4 11.Qxd4 Bxc3 12.bxc3 e5 13.Qd3 Qc6 14.f3 h6 15.Bxf6 Qxf6
16.Rfd1 b5 17.c4 bxc4 18.Qxc4 Rb8 19.Rab1 Rb6 20.Qd5 Rc6 21.Bc4 Qg5 22.Qd3 h5
23.Bd5 Rg6 24.Qd2 Qf6 25.Rb8 d6 26.Qc3 Qg5 27.g3 Qd8 28.Rdb1 Qd7 29.Qd2 Rf6
30.Qe3 h4 31.g4 h3 32.g5 Rg6 33.c4 Qc7 34.R8b6 Be6 35.Rc6 Qd8 36.Rg1 Bxd5
37.cxd5 Qa5 38.Qe2 Ra8 39.Qf1 Qd2 40.Qxh3 Rxg5 41.Rgc1 f5 42.exf5 Rf8 43.f6 Rxf6
44.Rc8+ Kf7 45.R1c7+ Kg6 46.Rxg7+ Kxg7 47.Qh8+ Kg6 48.Rg8+ Kf5 49.Qh3+ Kf4
50.Qh4+ Kxf3 51.Rxg5 Rf4 52.Rg3+ Ke4 53.Qh7+ Kd4 54.Qb1 Kc5 55.Rd3 Qb4 56.Qc1+ Rc4
57.Qe3+ Rd4 58.Rc3+ Kxd5 59.Qf3+ Ke6 60.Qh3+ Kd5 61.Qg2+ e4 62.Qg5+ Ke6 63.Qg4+ Ke5
64.Qh5+ Ke6 65.Rg3 Kd7 66.Qf7+ Kc6 67.Qe8+ Kd5 68.Qa8+ Kc5 69.Qa7+ Kd5 70.Qa8+ Kc5
71.Qc8+ Kb5 72.Rb3 Rd1+ 73.Kg2 Rd2+ 74.Kf1 Rd1+ 75.Kf2 Rd2+ 76.Ke1 Rxh2+  1-0

[Event "TCh-FRA Top 12 2012"]
[Site "Belfort FRA"]
[Date "2012.06.09"]
[Round "10.3"]
[White "Fargere,Fr"]
[Black "Sokolov,And1"]
[Result "1/2-1/2"]
[WhiteElo "2467"]
[BlackElo "2570"]

1.e4 c5 2.Nf3 e6 3.d4 cxd4 4.Nxd4 Nc6 5.Nc3 Qc7 6.f4 a6 7.Nxc6 Qxc6 8.Bd3 b5
9.Qe2 Bb7 10.Bd2 Rc8 11.O-O-O Be7 12.a3 b4 13.axb4 Bxb4 14.g4  1/2-1/2

[Event "1st Grand Europe Open"]
[Site "Golden Sands BUL"]
[Date "2012.06.09"]
[Round "6.40"]
[White "Dimov,Di"]
[Black "Firat,B"]
[Result "1-0"]
[WhiteElo "2289"]
[BlackElo "2428"]

1.e4 c5 2.Nf3 Nc6 3.d4 cxd4 4.Nxd4 e6 5.Nc3 d6 6.g4 a6 7.Be3 Nge7 8.Nb3 b5
9.f4 Bb7 10.Qe2 Na5 11.Nxa5 Qxa5 12.Qf2 Qc7 13.Bg2 Nc6 14.Bb6 Qc8 15.O-O-O Be7
16.g5 O-O 17.h4 Rb8 18.Kb1 Ba8 19.f5 Ne5 20.f6 Bd8 21.Bd4 Qc6 22.fxg7 Kxg7
23.Ne2 f5 24.Nf4 Qe8 25.Rhf1 Kg8 26.exf5 Bxg2 27.Qxg2 Rxf5 28.Qh3 Nc4 29.Ka1 Ba5
30.Nxe6 Rxf1 31.Rxf1 Qg6 32.h5 Qe4 33.g6 Bd2 34.gxh7+ Kxh7 35.Rf7+ Kh6 36.Rf6+ Kh7
37.Ng5+  1-0

[Event "Hustopece Rapid"]
[Site "Hustopece CZE"]
[Date "2012.06.09"]
[Round "7.1"]
[White "Krejci,Jan2"]
[Black "Laznicka,V"]
[Result "1-0"]
[WhiteElo "2476"]
[BlackElo "2693"]

1.e4 c5 2.Nf3 e6 3.d4 cxd4 4.Nxd4 Nc6 5.Nc3 Qc7 6.Be2 a6 7.Be3 Nf6 8.f4 Bb4
9.Bf3 d5 10.e5 Ne4 11.Ne2 Nxc3 12.bxc3 Be7 13.a4 Na5 14.O-O Bd7 15.Bd4 O-O
16.f5 exf5 17.Nf4 Bc6 18.Rb1 Qd7 19.Qe1 Bg5 20.Nh5 f4 21.Nxg7 Nc4 22.Nh5 f5
23.h4 Bh6 24.Nf6+ Rxf6 25.exf6 Re8 26.Qf2 Qf7 27.Rfe1 Ne3 28.Qe2 Qe6 29.f7+ Qxf7
30.Bh5 Qe6 31.Bxe8 Qxe8 32.Qf3 Qe4 33.Re2 Qe7 34.Qh5 Qe6 35.Rb6 Qg6 36.Qf3 Qg4
37.Rb4 Qg6 38.h5 Qg5 39.a5 Ng4 40.Qh3 Bf8 41.Rb1 Bd6 42.Rbe1 Kf7 43.Rf1 Bb5
44.Qf3 Bxe2 45.Qxd5+ Ke7 46.Qxb7+ Ke6 47.Qc8+ Kd5 48.Qa8+ Ke6 49.Qe8+ Kd5  1-0

[Event "11th TCh-BIH Premier"]
[Site "Jahorina BIH"]
[Date "2012.06.09"]
[Round "8.1"]
[White "Bejtovic,J"]
[Black "Muratovic,Ef"]
[Result "1-0"]
[WhiteElo "2391"]
[BlackElo "2312"]

1.e4 c5 2.Nf3 e6 3.d4 cxd4 4.Nxd4 Nc6 5.Nc3 Qb6 6.Nb3 Bb4 7.Qg4 Kf8 8.Bd3 d5
9.O-O Nf6 10.Qe2 d4 11.Nb1 e5 12.N1d2 Bg4 13.f3 Be6 14.Kh1 Qc7 15.f4 exf4
16.Nf3 Bg4 17.Qf2 Bxf3 18.gxf3 Qe5 19.a3 Be7 20.Nd2 Nd7 21.b4 Nb6 22.Nb3 Rd8
23.b5 Nb8 24.a4 g5 25.Bb2 Bf6 26.a5 Na8 27.Ra4 Nc7 28.Rxd4 Re8 29.Rc4 Qxb2
30.Rxc7 a6 31.Rxb7 axb5 32.Qa7 Nc6 33.Rxf7+ Kg8 34.Qd7 Re7 35.Rxe7 Nxe7 36.Bxb5 Kg7
37.Nc5 Rc8 38.Nd3 Qd4 39.e5 Qxd7 40.exf6+ Kxf6 41.Bxd7 Rxc2 42.Ra1  1-0

[Event "GEO-AZE Friendship 2012"]
[Site "Tbilisi GEO"]
[Date "2012.06.09"]
[Round "3"]
[White "Guseinov,G"]
[Black "Gagunashvili,M"]
[Result "1-0"]
[WhiteElo "2609"]
[BlackElo "2570"]

1.e4 c5 2.Nc3 Nc6 3.Nf3 e6 4.d4 cxd4 5.Nxd4 Qc7 6.g3 a6 7.Bg2 Nf6 8.O-O Be7
9.Re1 O-O 10.Nxc6 dxc6 11.e5 Rd8 12.Qf3 Nd5 13.h4 b5 14.Bg5 Bb7 15.Ne4 h6
16.Nd6 Rf8 17.Bxe7 Qxe7 18.Qa3 c5 19.b3 b4 20.Qa5 Rfb8 21.Rad1 Nc3 22.Bxb7 Rxb7
23.Nxb7 Nxd1 24.Nxc5 Nc3 25.a3 Nb5 26.Qxb4 Qd8 27.Qe4 Rc8 28.Nxa6 Nxa3 29.Nb4 Qd2
30.Ra1 g6 31.Qe1 Qxe1+ 32.Rxe1 Rb8 33.Nc6 Rb6 34.Nd4  1-0

[Event "1st Grand Europe Open"]
[Site "Golden Sands BUL"]
[Date "2012.06.10"]
[Round "7.20"]
[White "Yilmaz,M"]
[Black "Manea,Al"]
[Result "1/2-1/2"]
[WhiteElo "2536"]
[BlackElo "2375"]

1.e4 c5 2.Nf3 e6 3.d4 cxd4 4.Nxd4 Nc6 5.Nc3 Qc7 6.g3 a6 7.Bg2 h5 8.O-O h4
9.Nxc6 bxc6 10.Na4 Rb8 11.c4 c5 12.Nc3 d6 13.e5 Rb4 14.Bf4 Rxc4 15.exd6 Qd7
16.Qf3 Bxd6 17.Ne4 Bxf4 18.Qxf4 Rd4 19.Qg5 f6 20.Qxc5 Ne7 21.Qb6 Rh5 22.Nc3 Qd6
23.Qxd6 Rxd6 24.Rfd1 Rxd1+ 25.Rxd1 hxg3 26.hxg3 Rc5 27.Ne4 Rc7 28.Nd6+ Kf8
29.Nxc8 Nxc8 30.Rd4 a5 31.b4 axb4 32.Rxb4 Nd6 33.a4 Ke7 34.Rb1 Ra7 35.Ra1 Ra5
36.Kf1 f5 37.Ke2 Nc4 38.Bc6 Re5+ 39.Kd3 Rc5 40.Bg2 Kd6 41.Ra2 e5 42.Bh3 g6
43.Bf1 Kd5 44.Be2 e4+ 45.Kc3 Na5+ 46.Kb2 g5  1/2-1/2

[Event "1st Grand Europe Open"]
[Site "Golden Sands BUL"]
[Date "2012.06.10"]
[Round "7.57"]
[White "Snuverink,Joc"]
[Black "Abdulla,K"]
[Result "1-0"]
[WhiteElo "2354"]
[BlackElo "2216"]

1.e4 c5 2.Nf3 e6 3.d4 cxd4 4.Nxd4 Nc6 5.Nc3 Qc7 6.g4 a6 7.Bg2 Nge7 8.O-O Nxd4
9.Qxd4 Ng6 10.Re1 h5 11.Nd5 Qc6 12.Bg5 hxg4 13.e5 exd5 14.Bxd5 Qc7 15.Qxg4 Be7
16.Qf5 Rf8 17.Rad1 Bxg5 18.Qxg5 Ne7 19.Bg2 Qxc2 20.Be4 Qxb2 21.Rd3 Rb8 22.Rd2 Qb6
23.Rd6 Qb4 24.Re3 b5 25.Qf4 Bb7 26.e6 dxe6 27.Rxe6 fxe6 28.Qxb8+ Bc8 29.Bg6+ Kd8
30.Qb6+ Kd7 31.Qxe6+ Kc7 32.Qxe7+ Qxe7 33.Rxe7+ Kd6 34.Rxg7 Ke5 35.Bc2 Kd4
36.h4 Kc3 37.Bb3 Bf5 38.Rf7 Rg8+ 39.Kh2  1-0

[Event "5th Mayors Cup 2012"]
[Site "Mumbai IND"]
[Date "2012.06.13"]
[Round "9.8"]
[White "G.,A"]
[Black "Vaibhav,S"]
[Result "1/2-1/2"]
[WhiteElo "2275"]
[BlackElo "2485"]

1.e4 c5 2.Nf3 e6 3.d4 cxd4 4.Nxd4 Nc6 5.Nc3 Qc7 6.Be3 a6 7.Be2 Nf6 8.a3 Be7
9.f4 O-O 10.Qd2 d6 11.O-O-O Na5 12.g4 e5 13.g5 exd4 14.Qxd4 Nd7 15.Kb1 Nc6
16.Qd2 Nc5 17.b4 Nxe4 18.Nxe4 d5 19.Qxd5 Be6 20.Qd2 Rfc8 21.Nc5 Bf5 22.Bd3 Bxd3
23.Qxd3 Na7 24.Qb3 Bxc5 25.Bxc5 b6 26.Bd6 Qc6 27.a4 Re8 28.Be5 Rad8 29.Rhe1 b5
30.a5 Qg6 31.Rxd8 Rxd8 32.Bc7 Rf8 33.Qd5 h6 34.h4 hxg5 35.hxg5 Rc8 36.Qb7 Qc6
37.Qxc6 Nxc6 38.Bd6 Nd4 39.Re4 Ne6 40.Kb2 Rc6 41.Be5 Kh7 42.c4 Kg6 43.cxb5 axb5
44.Re3 f6 45.gxf6 gxf6 46.Rc3 Rxc3 47.Bxc3 Nxf4 48.a6 Nd5 49.a7 Nc7 50.Kc2 Kf5
51.Kd3 Ke6 52.Be1 Kd5 53.Bg3 Na8 54.Bh2 Kc6 55.Kd4 Kb7 56.Kc5 Nb6 57.Kxb5 Nd5
58.Bg1 Nxb4 59.Kxb4 f5 60.Kb5 f4  1/2-1/2

[Event "5th Mayors Cup 2012"]
[Site "Mumbai IND"]
[Date "2012.06.13"]
[Round "9.9"]
[White "Abhishek,D"]
[Black "Czebe,A"]
[Result "0-1"]
[WhiteElo "2264"]
[BlackElo "2475"]

1.e4 c5 2.Nf3 e6 3.Nc3 Nc6 4.d4 cxd4 5.Nxd4 Nf6 6.Ndb5 Bc5 7.Nd6+ Ke7 8.Nxc8+ Rxc8
9.Be2 Bb4 10.Bd3 d5 11.exd5 Qxd5 12.O-O Bxc3 13.bxc3 Rhd8 14.Rb1 Rd7 15.Ba3+ Ke8
16.Qc1 a6 17.c4 Qh5 18.Qf4 Ne5 19.Qg3 g6 20.Qf4 Nxd3 21.Qxf6 Qe5 22.Qf3 Nc5
23.Rfe1 Qd6  0-1

[Event "National Open 2012"]
[Site "Las Vegas USA"]
[Date "2012.06.15"]
[Round "1"]
[White "Menon,Gopal S"]
[Black "Perunovic,Mil"]
[Result "0-1"]
[WhiteElo "2180"]
[BlackElo "2577"]

1.e4 c5 2.Nf3 e6 3.Nc3 Nc6 4.d4 cxd4 5.Nxd4 Qc7 6.Be3 a6 7.Qd2 Nf6 8.O-O-O Bb4
9.f3 Ne5 10.Nb3 b5 11.Qd4 Nc6 12.Qb6 Qe5 13.Bd2 Rb8 14.Qe3 Qc7 15.f4 O-O
16.Bd3 d5 17.e5 Nd7 18.Ne2 a5 19.Nbd4 Bxd2+ 20.Rxd2 Nxd4 21.Nxd4 b4 22.Kb1 Nc5
23.Nb5 Qb6 24.Nd6 Ne4 25.Re2 Nxd6 26.exd6 Qxd6 27.g4 Ba6 28.f5 Bxd3 29.Qxd3 e5
30.g5 Rfe8 31.f6 e4 32.Qh3 d4 33.fxg7 a4 34.Rhe1 b3  0-1

[Event "5th Mayors Cup 2012"]
[Site "Mumbai IND"]
[Date "2012.06.15"]
[Round "11.14"]
[White "Gusain,H"]
[Black "Himanshu,Sh"]
[Result "1-0"]
[WhiteElo "2271"]
[BlackElo "2422"]

1.e4 c5 2.Nf3 e6 3.d4 cxd4 4.Nxd4 Nc6 5.Nc3 Qc7 6.Be3 a6 7.Be2 b5 8.Nxc6 dxc6
9.O-O Bb7 10.f4 Be7 11.Qe1 c5 12.Bf3 O-O-O 13.Qe2 f5 14.e5 Nh6 15.a4 b4 16.Nb1 Bxf3
17.gxf3 Qc6 18.c3 Rhg8 19.cxb4 g5 20.b5 Qa8 21.Kh1 Ng4 22.Nd2 Nxe3 23.Qxe3 gxf4
24.Qe2 Qd5 25.Nc4 Qd3 26.Qxd3 Rxd3 27.bxa6 Rd4 28.Rac1 Kb8 29.Rfd1 Rd5 30.Rg1 Rdd8
31.Na5 Kc7 32.Rxg8 Rxg8 33.b4 Kb6 34.Nc4+ Kxa6 35.b5+ Kb7 36.Rg1 Rg6 37.Rb1 Rg8
38.a5 Ka7 39.Rd1 Rd8 40.Rxd8 Bxd8 41.a6 h5 42.Kg2 Bc7 43.Kf1 h4 44.h3 Bd8
45.Ke2 Bc7 46.Kd3 Bd8 47.Nd6 Ba5 48.Kc4 Bb4 49.Nc8+ Kb8 50.a7+ Kb7 51.b6 Ba5
52.Nd6+ Ka8 53.Kb5 Bxb6 54.Kxb6 c4 55.Nb5  1-0

[Event "26th Pula Open"]
[Site "Pula CRO"]
[Date "2012.06.15"]
[Round "8.8"]
[White "Zelcic,R"]
[Black "Brinck Claussen,B"]
[Result "1-0"]
[WhiteElo "2560"]
[BlackElo "2286"]

1.e4 c5 2.Nf3 e6 3.d4 cxd4 4.Nxd4 Nc6 5.Nc3 Qc7 6.Be2 a6 7.O-O Nf6 8.a4 Nxd4
9.Qxd4 Bd6 10.Kh1 Be5 11.Qd3 b6 12.Ra3 Bd6 13.Rb3 Bc5 14.f4 Bb7 15.e5 Nd5
16.Qg3 Nb4 17.Bf3 Bxf3 18.Qxf3 O-O 19.Ne4 Qc6 20.Nf6+ gxf6 21.Qh5 Qe4 22.Rg3+ Qg6
23.exf6 Kh8 24.Rxg6 fxg6 25.Qd1 Nd5 26.b4 Bxb4 27.Bb2 Kg8 28.f5 Nxf6 29.fxg6  1-0

[Event "16th Voronezh Master Open"]
[Site "Voronezh RUS"]
[Date "2012.06.15"]
[Round "4.17"]
[White "Rodin,D"]
[Black "Mozharov,M"]
[Result "0-1"]
[WhiteElo "2353"]
[BlackElo "2493"]

1.e4 c5 2.Nf3 e6 3.d4 cxd4 4.Nxd4 Nc6 5.Nc3 Qc7 6.g3 a6 7.Bg2 d6 8.O-O Bd7
9.Be3 Nf6 10.f4 Be7 11.Nb3 O-O 12.g4 Bc8 13.g5 Nd7 14.Qh5 Re8 15.Rf2 b5 16.Raf1 b4
17.Ne2 g6 18.Qh4 Bb7 19.f5 exf5 20.exf5 Nce5 21.fxg6 fxg6 22.Nbd4 Bxg2 23.Rxg2 Qb7
24.Rgf2 Bf8 25.Ng3 Nc5 26.Nf3 Ng4 27.Qxg4 Rxe3 28.Nd2 Bg7 29.Qc4+ Ne6 30.Rf7 Qb5
31.Qxb5 axb5 32.Rb7 Re5 33.h4 Re3 34.Nde4 Nc5 35.Re7 Nxe4 36.Nxe4 d5 37.Rff7 Bd4
38.Nf6+ Bxf6 39.gxf6 Rxe7 40.Rxe7 Rxa2 41.Rg7+ Kf8 42.Rxh7 Rxb2 43.Rb7 Rxc2
44.Rxb5 Kf7 45.Rxb4 Kxf6 46.Rb6+ Kf5 47.Rd6 Rd2 48.Kf1 Rd4 49.Kf2 Rf4+ 50.Kg3 Rg4+
51.Kh3 d4 52.Rd8 Re4 53.Kg3 Re3+ 54.Kf2 Ke4 55.Rg8 Rf3+ 56.Ke2 Re3+ 57.Kd2 Kf5
58.Rf8+ Kg4 59.Rf6 Kh5 60.Rf4 Rh3 61.Rxd4 Rxh4 62.Rd6 Re4 63.Ra6 g5 64.Ra1 g4
65.Rh1+ Kg5 66.Rh8 Kf4 67.Rg8 Kf3 68.Rf8+ Rf4 69.Rh8 g3 70.Ke1 Re4+ 71.Kd2 g2  0-1

[Event "16th Voronezh Master Open"]
[Site "Voronezh RUS"]
[Date "2012.06.15"]
[Round "4.5"]
[White "Kokarev,Dm"]
[Black "Geller,J"]
[Result "1/2-1/2"]
[WhiteElo "2629"]
[BlackElo "2538"]

1.e4 c5 2.Nf3 e6 3.d4 cxd4 4.Nxd4 Nc6 5.Nc3 Qc7 6.f4 Nxd4 7.Qxd4 a6 8.Be3 b5
9.O-O-O Bb7 10.Bd3 Rc8 11.Kb1 Ne7 12.Bxb5 Nc6 13.Bxc6 Qxc6 14.Rd3 f6 15.Rhd1 Rc7
16.Qb6 Be7 17.Qb3 Ba8 18.Qb8+ Rc8 19.Qb6 Qxb6 20.Bxb6 Bc6 21.Re3 Kf7 22.Ne2 Rb8
23.Bd4 h5 24.Nc1 h4 25.Nd3 Rh6 26.Rf1 Ke8 27.b3 Rg6 28.Re2 Rg4 29.Kb2 Bb5
30.Bc3 Bd6 31.e5 fxe5 32.fxe5 Be7 33.Be1 Bc6 34.g3 h3 35.Rf4 Rxf4 36.Nxf4 Bf3
37.Rd2 Rb5 38.Nd3 g5 39.Bf2 Bc6 40.c4 Rb8 41.Bc5 Bxc5 42.Nxc5 a5 43.Rf2 Ke7
44.Rf6 a4 45.Kc3 axb3 46.axb3 g4 47.b4 Ra8 48.Kb2 Rh8 49.Rf4 Rh5 50.Nd3 Bf3
51.Rd4 Kd8 52.Kc3 Be2 53.Kd2 Bxd3 54.Kxd3 Rf5 55.Rxg4 Rf2 56.Rh4 Rxh2 57.g4 Kc7
58.g5 Kc6 59.g6 Rg2 60.Rxh3 Rxg6 61.Kc3 Rg4 62.Re3 Rh4 63.Kd3 Rg4 64.Re4 Rg1
65.Rd4 Rd1+ 66.Kc3 Re1 67.c5 Rxe5 68.Kc4  1/2-1/2

[Event "3rd Forni di Sopra Open"]
[Site "Forni di Sopra ITA"]
[Date "2012.06.16"]
[Round "1.2"]
[White "Akshat,Chandra"]
[Black "Tregubov,P"]
[Result "1/2-1/2"]
[WhiteElo "2146"]
[BlackElo "2596"]

1.e4 c5 2.Nf3 Nc6 3.d4 cxd4 4.Nxd4 e6 5.Nc3 Qc7 6.g3 a6 7.Bg2 d6 8.O-O Bd7
9.a4 Nf6 10.Nb3 Be7 11.f4 Rc8 12.Be3 O-O 13.g4 Na5 14.Nxa5 Qxa5 15.g5 Ne8
16.f5 Rxc3 17.bxc3 exf5 18.exf5 Bxf5 19.Qd5 Qxd5 20.Bxd5 Bxc2 21.Bxb7 Nc7
22.Rf2 Bb3 23.Bb6 Rb8 24.Bxc7 Rxb7 25.Rb2 Rxc7 26.Rxb3 g6 27.Rb6 Bxg5 28.Rxa6 Bf6
29.Rxd6 Bxc3 30.Ra2 Rc5 31.Kf2 Re5 32.Rd3 Ba5 33.Rb3 Re6 34.Rb8+ Kg7 35.Ra8 Re5
36.Rb2 Rh5 37.h3 Rf5+ 38.Ke3 Rh5 39.Kd4  1/2-1/2

[Event "National Open 2012"]
[Site "Las Vegas USA"]
[Date "2012.06.16"]
[Round "3"]
[White "Gulamali,K"]
[Black "Mohandesi,S"]
[Result "1/2-1/2"]
[WhiteElo "2346"]
[BlackElo "2176"]

1.e4 c5 2.Nf3 Nc6 3.d4 cxd4 4.Nxd4 e6 5.Nc3 a6 6.Be3 Nf6 7.Qd2 Bb4 8.f3 d5
9.a3 Qa5 10.Nxc6 bxc6 11.axb4 Qxa1+ 12.Kf2 O-O 13.Bd4 Nd7 14.f4 a5 15.exd5 axb4
16.Nd1 cxd5 17.Bd3 Qa5 18.Re1 Ba6 19.Bxh7+ Kxh7 20.Qe3 Qc7 21.c3 e5 22.Qh3+ Kg8
23.Ne3 exd4 24.Nxd5 Qd6 25.Ne7+ Qxe7 26.Rxe7 Nf6 27.cxd4 Rac8 28.Qb3 Bc4  1/2-1/2

[Event "Teplice Open 2012"]
[Site "Teplice CZE"]
[Date "2012.06.16"]
[Round "1.12"]
[White "Ponizil,C"]
[Black "Valenta,P"]
[Result "1-0"]
[WhiteElo "2404"]
[BlackElo "1943"]

1.e4 c5 2.Nf3 e6 3.d4 cxd4 4.Nxd4 Nc6 5.Nc3 Bb4 6.Nb5 d5 7.exd5 Bxc3+ 8.Nxc3 exd5
9.Qxd5 Be6 10.Qxd8+ Rxd8 11.Bb5 Ne7 12.Bg5 f6 13.Be3 Kf7 14.O-O Nb4 15.Ba4 a6
16.Bc5 Nbd5 17.Nxd5 Rxd5 18.Bxe7 Kxe7 19.Rfe1 Rhd8 20.Bb3 Re5 21.f4 Bxb3
22.fxe5 Bxc2 23.Rac1 Rd2 24.exf6+ Kxf6 25.Rf1+ Ke5 26.Rf2 Rxf2 27.Kxf2 Be4
28.Ke3 g5 29.g3 h5 30.a3 Bd5 31.Rc7 Kf5 32.Rc5 Ke5 33.b4 h4 34.gxh4 gxh4
35.a4 Kd6 36.Kd4 Bg2 37.Rh5 h3 38.Rh4 Kc7 39.a5 Bf1 40.Kc5 Kc8 41.Rh8+ Kc7
42.Rh7+ Kc8 43.Kb6 Bg2 44.Rc7+ Kb8 45.Rc3  1-0

[Event "Teplice Open 2012"]
[Site "Teplice CZE"]
[Date "2012.06.16"]
[Round "1.40"]
[White "Friml,A"]
[Black "Skuthan,Jiri"]
[Result "0-1"]
[WhiteElo "2125"]
[BlackElo "1769"]

1.e4 c5 2.Nf3 e6 3.Nc3 Nc6 4.d4 cxd4 5.Nxd4 Nf6 6.Be3 Bb4 7.Bd3 Qa5 8.O-O Bxc3
9.bxc3 d5 10.Nxc6 bxc6 11.e5 Nd7 12.Qg4 g6 13.Qg3 Qxc3 14.f4 c5 15.Qf2 Rb8
16.Bd2 Qa3 17.Rfe1 Ba6 18.Bxa6 Qxa6 19.g4 Rb2 20.Bc3 Rb7 21.f5 gxf5 22.Qh4 Qc4
23.Bd2 Qxg4+ 24.Qxg4 fxg4 25.Bg5 h6 26.Bf4 Kd8 27.Kf2 Rb2 28.Re2 Kc7 29.Kg3 h5
30.a3 d4 31.Rae1 Nb6 32.Rf2 Kc6 33.Kh4 c4 34.Bc1 Rb1 35.Rd2 Kd5 36.Red1 Kxe5
37.Rxd4 Rxc1  0-1

[Event "65th ch-RUS HL"]
[Site "Tyumen RUS"]
[Date "2012.06.16"]
[Round "1"]
[White "Ovetchkin,R"]
[Black "Grachev,B"]
[Result "1/2-1/2"]
[WhiteElo "2501"]
[BlackElo "2680"]

1.e4 c5 2.Nf3 e6 3.d4 cxd4 4.Nxd4 Nc6 5.Nc3 Qc7 6.Be3 a6 7.Qd2 Nf6 8.O-O-O Nxd4
9.Bxd4 e5 10.Be3 Bb4 11.f3 d6 12.a3 Bxc3 13.Qxc3 Qxc3 14.bxc3 Ke7 15.c4 Nd7
16.g3 Rd8 17.h4 b6 18.Bh3 Rb8 19.Rh2 Nf6 20.Bf1 Be6 21.Rhd2 Ne8 22.Be2 Rdc8
23.c5 bxc5 24.Bxa6 Rc6 25.Bf1 Rcb6 26.Rf2 Rb2 27.a4 Ra2 28.Bb5 Nc7 29.h5 h6
30.g4 f6 31.Kd2 Bb3 32.Rc1 Bxa4 33.Bxa4 Rxa4 34.Rff1 Kd7 35.Ra1 Rxa1 36.Rxa1 Kc6
37.Kd3 Rb7 38.Bd2 Rb6 39.Be3 Rb4 40.Bd2 Rb2 41.Kc3 Rb8 42.Kd3 Rb7 43.Be3 Ne6
44.Ra6+ Kd7 45.Ra1 Nd4 46.Bxd4 exd4 47.Kc4 Rb2 48.Kd5 Kc7 49.Rc1 Ra2 50.f4 Kd7
51.g5 hxg5 52.fxg5 fxg5 53.Rg1 d3 54.Rxg5 d2 55.Rxg7+ Kc8 56.Rg1 Rxc2 57.Kc6 Kb8
58.h6 Rc3 59.Rd1 Rh3 60.Rxd2 Rxh6 61.e5 dxe5+ 62.Kxc5 Kc7 63.Re2 Rh5 64.Kd5 Kb6  1/2-1/2